000 00513nam a2200181Ia 4500
999 _c3420
_d3420
003 OSt
005 20200819115235.0
008 190216s9999||||xx |||||||||||||| ||und||
020 _a9798131703228
040 _coclc
082 _a541
_bENG/P
100 _aEngel, Thomas
_94186
245 0 _aPhysical Chemistry /
_cThomas Engel ; Philip Reid
260 _bPearson Education Asia,
_aNew Delhi:
_c2006.
300 _a1061p
650 _aChemistry
942 _cBK
_2ddc
_h541
_iENG/P
_k541
_mENG/P